| 000 | 01196cam a22003615a 4500 | ||
|---|---|---|---|
| 001 | 015810778 | ||
| 003 | OSt | ||
| 005 | 20150827103258.0 | ||
| 008 | 110519t2012 njua frbd 001 0 eng d | ||
| 020 | _a9780132568722 (pbk.) | ||
| 020 | _a0132568721 (pbk.) | ||
| 040 |
_aUk _beng _cUk _dEG-ScBUE |
||
| 082 | 0 | 4 |
_a615.71 _bCOL _222 |
| 100 | 1 |
_aColbert, Bruce J. _938399 |
|
| 245 | 1 | 0 |
_aIntegrated cardiopulmonary pharmacology / _cBruce J. Colbert, Luis S. Gonzalez III, Barb J. Kennedy. |
| 250 | _a3rd ed. | ||
| 260 |
_aUpper Saddle River : _bPearson Education, _cc.2012. |
||
| 300 |
_axx, 362 p. : _bill. (col.) ; _c26 cm. |
||
| 500 | _aGlossary : p. 339-343. | ||
| 500 | _aIndex : p. 349-362. | ||
| 504 | _aBibliography : p. 344-348. | ||
| 650 | 0 |
_aPulmonary pharmacology. _2BUEsh |
|
| 650 | 0 |
_aCardiovascular pharmacology. _2BUEsh |
|
| 650 | 0 |
_aRespiratory agents. _2BUEsh |
|
| 650 | 0 |
_aCardiovascular agents. _2BUEsh |
|
| 650 | 0 |
_aCardiopulmonary system _xEffect of drugs on. _2BUEsh |
|
| 651 | _2BUEsh | ||
| 653 |
_bPPhrm _cJune2015 _cAugust2015 |
||
| 655 |
_vreading book _934232 |
||
| 700 | 1 |
_aGonzalez, Luis S., _cIII. |
|
| 700 | 1 | _aKennedy, Barb J. | |
| 942 |
_2ddc _k615.71 COL |
||
| 999 |
_c20108 _d20080 |
||